01207nab a22002177a 4500999001500000003000400015005001700019008004100036040000700077100003400084245015700118260007200275300001300347500005000360505028600410505009000696650002600786653002600812773013800838942001300976 c6007d6007OSt20260116160025.0190605e xxu||||| |||| 00| 0 spa d cPJ 96818aGurdulich, Graciela M. 10aLey Bases y Puntos de Partida para la Libertad de los Argentinos (ley 27.742). Título IV: Promoción del Empleo Registrado /cGraciela M. Gurdulich.  aCiudad Autónoma de Buenos Aires :bThomson Reuters La Ley,c2025. ap. 43-45 aCita Online: Cita: TR LALEY AR/DOC/861/2025. aSumario: I. Introducción.— II. Análisis.— III. El problema que suscita la condonación de aportes y contribuciones al SIPA (Sistema Integrado Previsional Argentino, ley 24.241).— IV. Naturaleza de los recursos.— V. Colofón.— VI. El dec. 847/2024 (BO 26/09/2024).  t¿Te interesa el texto completo? Solicitalo al correo: koha@justierradelfuego.gov.ar  091316aDERECHO LABORAL aMORATORIA PREVISIONAL0 0271193168dCiudad Autónoma de Buenos Aires : Thomson Reuters La Ley, 1999-2002.tRevista de derecho del trabajo. Nº 3 - Mayo 2025 2udccANA